000 01119nam a2200253 a 4500
001 BRCA_407
005 20190320203009.0
008 920219s1991 it-a---##b---#001-0#ita-#
040 _aDLC
_cDLC
050 4 _aNK4103
_b.N46 1991
100 1 _aNepoti, Sergio
_91382
245 1 0 _aCeramiche Graffite della Donazione Donini Baer
_cSergio Nepoti.
260 _aFaenza, Ravenna
_bLitografie Artistiche Faentine : Comune di Faenza : Museo Internazionale delle Ceramiche in Faenza
_c1991
300 _a359 p.
_bil. (algunas a color)
_c25 cm.
440 0 _aCatalogo generale delle raccolte a cura di Gian Carlo Bojani
_v6
_91383
504 _aBibliografía : p. 341-353
600 1 4 _aDonini, Luigi
_d1864-1917
_vCatálogos
_xColecciones de arte
_91384
600 1 4 _aDonini Baer, Maria Clotilde
_d1894-1970
_vCatálogos
_xColecciones de arte
_91385
610 2 4 _aMuseo Internazionale delle Ceramiche (Faenza, Italia)
_vCatálogos
_91386
650 1 4 _aCerámica italiana
_vCatálogos
_91387
650 1 4 _aCerámica, Renacimiento
_vCatálogos
_zItalia
_91388
650 1 4 _aDecoración en grafito
_vCatálogos
_zItalia
_91389
942 _2lcc
_cB
999 _c342
_d342